Armistice - Première Guerre Mondiale - Statistiques

Statistiques générales
  • Ce quiz a été pris 17 fois
  • Le résultat moyen est 6 sur 26
Statistiques - réponses
Questions Réponses % Correct
Général Quel jour a été signé l'armistice de la Première Guerre Mondiale ? (Format de la date: JJ/MM/AAAA) 11 Novembre 1918
100%
Général Combien de fois est renouvelée l'armistice ? 3 fois, dans la même voiture à Trèves (prolongation d'un mois le 12 décembre 1918 puis reconduction le 16 janvier 1919 et le 16 février 1919 pour une durée illimitée)
73%
Général A quelle heure le cessez-le-feu est-il effectif ? 11 heures
60%
Général Traditionnellement, que dépose le Président de la République française au pied d'une statue ? Une gerbe tricolore
53%
Général Quel est le traité qui a mis fin à la Première Guerre Mondiale ? Le traité de Versailles
47%
Général Où se sont réunis les représentants Alliés et Allemand ? Dans un wagon-restaurant
40%
Général Traditionnellement, en ce jour, que porte le Président de la République française sur sa boutonnière ? Bleuet de France
33%
Général Devant quelle tombe se recueille le Président de la République française le 11 Novembre ? La tombe du Soldat Inconnu
33%
Général Dans quel lieu se trouvait la "salle" dans laquelle l'armistice a été signée ? Dans la clairière de Rethondes, en forêt de Compiègne
27%
Général Quand la Première Guerre Mondiale s'est-elle officiellement terminée ? (Format de la date: JJ/MM/AAAA) 28 Juin 1919
20%
Général Devant quelle statue le Président de la République française fait-il son dépôt ? La statue de Georges Clémenceau
20%
Paricipants Alliés Le général Weygand, chef d'état-major de Foch
13%
Paricipants Alliés Le maréchal Foch, commandant suprême des forces alliées
13%
Général Pour quelle durée a-t-elle été prévue ? 36 jours
7%
Général A quelle heure a été signée l'armistice ? 5 heures 15
7%
Général Combien y a-t-il eu de mort en ce dernier jour de guerre ? Environ 11000
7%
Général Quel est l'autre nom du 11 Novembre ? Jour du Souvenir (depuis la loi du 24 octobre 1922)
7%
Paricipants Alliés L'amiral Wemyss, représentant britannique
7%
Paricipants Allemands Le comte Alfred von Oberndorff, représentant le ministère des Affaires étrangères allemand
7%
Paricipants Alliés Le contre-amiral Hope, adjoint au First Sea Lord
7%
En plus Quelle fleur porte la Belgique lors des cérémonies de commémoration ? Le coquelicot
7%
Paricipants Allemands Le Generalmajor Winterfeldt, de l’Armée impériale
7%
Général Combien d'article possède le traité de l'armistice ? Le traité comporte 34 articles
7%
Paricipants Allemands Matthias Erzberger, représentant du Gouvernement allemand
7%
En plus Comment s'appelle le 11 Novembre dans les pays du Commonwealth ? Remembrance Day | Veterans Day | Poppy Day
7%
En plus Quel nom porte la cérémonie de commémoration de la fin de la Première Guerre Mondiale en Allemagne ? Volkstrauertag (Jour national de deuil pour les soldats allemands morts à la guerre), elle est fixée le deuxième dimanche avant le premier dimanche de l'Avent.
7%
Aucun quiz correspondant
Distribution des résultats
% des personnes avec chaque résultat
Percentile par nombre de réponses
Votre historique - résultats
Vous n’avez pas pris ce quiz